| 000 | 00471nam a2200145 a 4500 | ||
|---|---|---|---|
| 005 | 20140310182427.0 | ||
| 008 | 111119s19uu xx 00 eng d | ||
| 020 | _a9715063217 | ||
| 245 |
_aThe best PR programs tools : _ba selection of the winning entries to the IABC Gold Quill Philippines awards / _cedited by Bong Osorio. |
||
| 260 |
_aManila : _bUST Publishing House, _c2005. |
||
| 300 | _a133 | ||
| 650 | _aPublic relations | ||
| 650 | _aCommunications | ||
| 942 | _cBK | ||
| 999 |
_c13300 _d13300 |
||